Score 0/30 Timer 05:00
3 Plays Today
% Correct
North AmericaCanada
92.4%
AsiaRussia
88.6%
EuropeRussia
88.5%
OceaniaAustralia
86.1%
AsiaMongolia
84.6%
North AmericaUnited States
83.4%
OceaniaNew Zealand
81.6%
South AmericaArgentina
79.7%
EuropeNorway
75.9%
EuropeFinland
75.4%
EuropeSweden
75.1%
South AmericaBolivia
73.2%
South AmericaParaguay
73.2%
South AmericaSuriname
68.9%
South AmericaGuyana
67.6%
% Correct
AsiaKazakhstan
67.5%
EuropeIceland
64.5%
AfricaLibya
61.3%
OceaniaPapua New Guinea
55.5%
AfricaNamibia
51.1%
North AmericaBelize
51.1%
AfricaMauritania
48.3%
AsiaTurkmenistan
47.5%
North AmericaNicaragua
45.4%
OceaniaSolomon Islands
42.7%
OceaniaVanuatu
40.4%
AfricaBotswana
40.3%
North AmericaBahamas
37.9%
AsiaOman
28.6%
AfricaGabon
18.3%
Remove Ads.
Support Sporcle.
Get the best of Sporcle when you Go Orange. This ad-free experience offers more features, more stats, and more fun while also helping to support Sporcle. Thank you for becoming a member.

You're not logged in!

Compare scores with friends on all Sporcle quizzes.
OR
Log In

Show Comments

Extras

Top Quizzes Today


Score Distribution

Your Account Isn't Verified!

In order to create a playlist on Sporcle, you need to verify the email address you used during registration. Go to your Sporcle Settings to finish the process.

Report this User

Report this user for behavior that violates our Community Guidelines.

Details: